000 00967nam a2200277Ia 4500
003 OSt
005 20221005102313.0
006 a|||||r|||| 00| 0
007 ta
008 221004b |||||||| |||| 00| 0 eng d
020 _a9781433811876 (hbk)
_c3793.63
024 _a20301
037 _b1347, 16/03/2015, The Book Seller
_cTextual
040 _aCRL
_cCRL
_beng
041 _2eng
_aeng
082 _aS:86, Q3
100 _aWolf Araham W. Ed.
_9623070
245 0 _aTransforming negative reactions to clients
_b From to frustration to compassion
260 _aWahington
_bAmerican psychological Association U.S.A
_c2013
300 _axv, 298p.
_ccm.
650 _aPSYCHOLOGY
700 _a Goldfried Marvin R. Ed.
_986756
700 _a Muran J. Christopher Ed.
_9623071
942 _hS:86, Q3
_cTEXL
_2cc
999 _c1008217
_d1008217